Danton's death / (Record no. 20184)
[ view plain ]
| 000 -LEADER | |
|---|---|
| fixed length control field | 00915nam a2200289 4500 |
| 001 - CONTROL NUMBER | |
| control field | 20184 |
| 003 - CONTROL NUMBER IDENTIFIER | |
| rucl marc code | BD-RjUL |
| 005 - DATE AND TIME OF LATEST TRANSACTION | |
| control field | 20211209000530.0 |
| 008 - FIXED-LENGTH DATA ELEMENTS--GENERAL INFORMATION | |
| fixed length control field | 140227r19681961enk 000 d eng |
| 035 ## - SYSTEM CONTROL NUMBER | |
| System control number | (BD-RjUL)20246 |
| 040 ## - CATALOGING SOURCE | |
| Original cataloging agency | DLC |
| Transcribing agency | DLC |
| Modifying agency | DLC |
| -- | BD-RjUL |
| Language of cataloging | eng |
| 041 1# - LANGUAGE CODE | |
| Language code of text/sound track or separate title | engger |
| 082 00 - DEWEY DECIMAL CLASSIFICATION NUMBER | |
| Classification number | 832.7 |
| Author mark and year | BUD 1968 |
| 100 1# - MAIN ENTRY--PERSONAL NAME | |
| Personal name | Büchner, Georg, |
| Dates associated with a name | 1813-1837. |
| 9 (RLIN) | 62200 |
| 245 10 - TITLE STATEMENT | |
| Title | Danton's death / |
| Statement of responsibility, etc. | Georg Buechner; an English version by James Maxwell, with an introduction by Martin Esslin. |
| 260 ## - PUBLICATION, DISTRIBUTION, ETC. (IMPRINT) | |
| Place of publication, distribution, etc. | London : |
| Name of publisher, distributor, etc. | Methuen, |
| Date of publication, distribution, etc. | c1961 [Reprinted 1968]. |
| 300 ## - PHYSICAL DESCRIPTION | |
| Pagination | 83 p. ; |
| Size | 19 cm. |
| 350 ## - PRICE (NR) (BK AM CF MU VM SE) [OBSOLETE] | |
| Price | 18/- |
| 490 0# - SERIES STATEMENT | |
| Series statement | Methuen's theatre classics |
| 500 ## - GENERAL NOTE | |
| General note | Translation of Dantons Tod. |
| 600 10 - SUBJECT ADDED ENTRY--PERSONAL NAME | |
| Personal name | Danton, Georges Jacques, |
| Dates associated with a name | 1759-1794 |
| General subdivision | Drama. |
| 700 1# - ADDED ENTRY--PERSONAL NAME | |
| Personal name | Maxwell, James, |
| Dates associated with a name | 1929- |
| Relator term | tr. |
| 942 ## - ADDED ENTRY ELEMENTS (KOHA) | |
| Source of classification or shelving scheme | Dewey Decimal Classification |
| Koha item type | Books |
| Lost status | Source of classification or shelving scheme | Damaged status | Not for loan | Collection code | Permanent Location | Current Location | Shelving location | Date acquired | Source of acquisition | Cost, normal purchase price | Total Checkouts | Full call number | Date last seen | Copy number | Koha item type |
|---|---|---|---|---|---|---|---|---|---|---|---|---|---|---|---|
| Dewey Decimal Classification | Not For Loan | Fiction | Central Library, University of Rajshahi | Central Library, University of Rajshahi | Reading Room | 28/08/1971 | Provencial book deport Ltd. | 13.50 | 832.7 BUD 1968 | 27/02/2014 | C-1 | Books | |||
| Dewey Decimal Classification | Fiction | Central Library, University of Rajshahi | Central Library, University of Rajshahi | 09/08/1972 | Book centre | 8.25 | 832.7 BUD 1968 | 27/02/2014 | C-2 | Books |